| 000 | 00369nam a2200133Ia 4500 | ||
|---|---|---|---|
| 008 | 230907s9999||||xx |||||||||||||| ||und|| | ||
| 082 |
_a813.54 _bKIN |
||
| 100 |
_aKing, Stephen, _990848 |
||
| 245 | 4 | _aThe dark tower / | |
| 260 |
_aHodder, _bNew York : _c2017 |
||
| 300 | _a845 p., [12] leaves of plates : | ||
| 650 |
_aFiction. English Literature _910267 |
||
| 942 | _cBK | ||
| 999 |
_c599812 _d599812 |
||